In need of tender loving repair (Record no. 83430)

MARC details
000 -LEADER
fixed length control field 00734cab a22002055a 4500
001 - CONTROL NUMBER
control field L153961
008 - FIXED-LENGTH DATA ELEMENTS--GENERAL INFORMATION
fixed length control field 110927e20110917xxk 000 0 eng d
035 ## - SYSTEM CONTROL NUMBER
System control number (Sirsi) u153961
041 0# - LANGUAGE CODE
Language code of text/sound track or separate title eng
100 1# - MAIN ENTRY--PERSONAL NAME
Personal name Woodman, John
245 00 - TITLE STATEMENT
Title In need of tender loving repair
260 ## - PUBLICATION, DISTRIBUTION, ETC.
Date of publication, distribution, etc. 2011
490 ## - SERIES STATEMENT
Series statement Estates Gazette
Volume/sequential designation (1137) 17 September 2011, 106-107(2)
520 ## - SUMMARY, ETC.
Summary, etc. Advice on lease renewals. Stresses the importance of the physical state of the premises already occupied when parties renew their leases as there is an ever present risk of a dilapidations claim.
590 ## - LOCAL NOTE (RLIN)
Local note KA
651 #4 - SUBJECT ADDED ENTRY--GEOGRAPHIC NAME
Geographic name England and Wales
Chronological subdivision 1543-
690 ## - LOCAL SUBJECT ADDED ENTRY--TOPICAL TERM (OCLC, RLIN)
Topical term or geographic name as entry element PROPERTY-LANDLORD AND TENANT-LEASES-LEASE RENEWAL
700 1# - ADDED ENTRY--PERSONAL NAME
Personal name King, Vivien
942 ## - ADDED ENTRY ELEMENTS (KOHA)
Suppress in OPAC 0
Holdings
Withdrawn status Lost status Source of classification or shelving scheme Damaged status Not for loan Home library Current library Shelving location Date acquired Total Checkouts Full call number Barcode Date last seen Copy number Price effective from Koha item type
    Dewey Decimal Classification     London London Journal article 27/09/2011   L153961 153961-1001 06/08/2019 1 06/08/2019 Journal article